000 00685nam a2200241Ia 4500
003 OSt
005 20221006155837.0
006 a|||||r|||| 00| 0
007 ta
008 221006b |||||||| |||| 00| 0 eng d
024 _a43,659
037 _cSeries Articles
040 _aEASL
_cEASL
_beng
041 _2eng
_aeng
100 _aWidger Tom
_9670584
245 0 _aAdmininistrator scholars and the writing of history in early british- India
_b Areview article
260 _aCambridge
_bCambridge University Press UK
_c2014
300 _a826-843
_ccm.
490 _v48
650 _aAsian Studies
942 _cREF
_2CC
999 _c1111745
_d1111745